000 00440nam a2200169Ia 4500
003 GCL
008 140319s9999 xx 000 0 eng d
040 _aGCL /
_cGCL
082 0 4 _a822.3
_bF S
100 1 _aFORD, JOHN
245 1 0 _aTHE SELECTED PLAYS OF JOHN FORD /
_cFORD, JOHN
260 _a[S.N] :
_bCAMBRIDGE UNIVERSITY PRESS ،
_c1986
300 _a356 P
650 0 4 _aENGLISH LITERATURE
650 0 4 _aLITERATURE
942 _2ddc
_cBK
999 _c24308
_d24308